Presencia de Trigonobalanus excelsa en la cordillera occidental (Registro nro. 15036)

Detalles MARC
000 -CABECERA
Campo de control 003740000a22001210004500
090 ## - CLASIFICACIÓN LOCAL
Colección AS
Consecutivo Seriadas
041 0# - IDIOMA
Código de idioma para texto/pista de sonido o título separado
100 1# - ASIENTO PRINCIPAL--NOMBRE PERSONAL
Nombre personal Heredia Flores, María Dolores
245 10 - MENCION DE TITULO
Título Presencia de Trigonobalanus excelsa en la cordillera occidental
700 1# - ASIENTO SECUNDARIO - NOMBRE PERSONAL
Nombre personal Alvarez López, Humberto
773 1# - Item fuente:
Título Cespedesia
Especificación de materiales 124
Descripción física 37-38
Paginas del Articulo 181-188
Lugar, editorial y fecha de publicación 1981
Información sobre la relación 10
942 ## - ELEMENTOS ADICIONALES (KOHA)
Tipo de ítem Artículo

No hay ítems disponibles.